00361nam a2200181Ia 4500003000900000008004100009040001300050040001300063041000800076100001900084245001200103250001200115260001600127260000900143300001100152300001000163490000600173IT-RoPAU120407s9999 xx 000 0 und d aIT-RoPAU cIT-RoPAU aita aPiero Bianconi aPascoli aBrescia aMorcelliana c1935 a248 p. c19 cm v1